00641nam a2200193Ia 4500008004100000020001800041082001300059100001400072245004800086250000800134260003200142300002300174500001900197600002100216650005000237942000700287952013600294999001700430240925s9999 xx 000 0 und d a9789811918780 a006.3 YE a Ye, Chen 0aKnowledge discovery from multi-sourced data aN/A aNew York:bSpringerc,2022. a83p.bNAfOriginal aIncludes Index aComputer Science aComputer science, information & general works cBK 001040708CSaUITUbUITUd2024-05-23eBook World Internationalg9911.68l0o006.3 YEpQ15788r2024-09-25 07:17:52w0000-00-00yBK c18287d18287